| 000 | 00615nam a2200169 i 4500 | ||
|---|---|---|---|
| 001 | 38397 | ||
| 003 | ES-MaACL | ||
| 005 | 20230906155741.0 | ||
| 007 | t| | ||
| 008 | 030225s1961 sp ||||1| spa d | ||
| 100 | 1 |
_aCabezas Conde, Ulpiano. _933206 |
|
| 245 | 1 | 0 |
_aTrabajadores independientes profesionales libres y pequeños empresarios _b: legislación vigente para su incorporación al mutualismo laboral / _cUlpiano Cabezas Conde. |
| 260 |
_aBarcelona : _bSelecciones Editoriales, _c[1961] |
||
| 300 |
_a127 p. ; _c23 cm. |
||
| 700 | 1 |
_aLacuentra Buerba, Antonio. _969419 |
|
| 852 |
_aES-MaACL _jC-20635 _bR.48116 |
||
| 999 |
_c38397 _d38397 |
||